Pembaharuan pembangunan

Bibliographic Details
Main Author: Ahmad Iman Arief
Format: Book
Published: Kuala Lumpur : Sabunai Media , 2005
Series:Siri sejarah kita
Subjects:

MARC

LEADER 00000cam a2200000 7i4500
001 0000003604
005 20151222.0
008 070719
020 |a 9832612578(set) 
020 |a 9832612608 
090 0 0 |a JF   |b HIST MAL (4598) 
100 0 |a Ahmad Iman Arief 
245 1 0 |a Pembaharuan pembangunan   |c Ahmad Iman Arief 
260 |a Kuala Lumpur :   |b Sabunai Media ,   |c 2005 
440 |a Siri sejarah kita 
500 |a Children ages 7-9 years old (orange) 
650 0 |a Malay   |x History   |x Juvenile literature 
999 |a 0000970401   |b Book   |c Children Collection   |e Perbadanan Perpustakaan Awam Johor 
999 |a 0000970402   |b Book   |c Children Collection   |e Cawangan Pontian 
999 |a 0000970403   |b Book   |c Children Collection   |e Perbadanan Perpustakaan Awam Johor 
999 |a 0000970544   |b Book   |c Children Collection   |e Cawangan Bukit Gambir 
999 |a 0000970545   |b Book   |c Children Collection   |e Cawangan Tangkak